Movies Quiz

Random Movies or Cartoons Quiz

Oliver Wallace Disney Scores Quiz Stats

 Plays Quiz not verified by Sporcle

Score 0/20 Timer 06:00
0 Plays Today
Year Film % Correct
1941Dumbo
88.6%
1950Cinderella
86.4%
1953Peter Pan
84.1%
1951Alice in Wonderland
81.8%
1955Lady and the Tramp
72.7%
1949The Adventures of Ichabod and Mr. Toad
68.2%
1946Make Mine Music
63.6%
1947Fun & Fancy Free
63.6%
1943Victory Through Air Power
47.7%
1957Old Yeller
25%
Year Film % Correct
1963The Incredible Journey
25%
1958Tonka
20.5%
1959Darby O'Gill and the Little People
18.2%
1962Big Red
18.2%
1963Savage Sam
18.2%
1958White Wilderness
15.9%
1959Jungle Cat
15.9%
1962The Legend of Lobo
15.9%
1960Ten Who Dared
13.6%
1961Nikki, Wild Dog of the North
13.6%

You're not logged in!

Compare scores with friends on all Sporcle quizzes.
OR
Log In

You Might Also Like...

Show Comments

Extras

Top Quizzes Today


Score Distribution

Your Account Isn't Verified!

In order to create a playlist on Sporcle, you need to verify the email address you used during registration. Go to your Sporcle Settings to finish the process.

Report this User

Report this user for behavior that violates our Community Guidelines.

Details: